| Tag |
First Indicator |
Second Indicator |
Subfields |
| LEADER |
00000ctm a2200000Ia 4500 |
| 001 |
in00000644721 |
| 005 |
20200904152357.0 |
| 008 |
810410s1980 xx a bm 000 0 eng d |
| 035 |
|
|
|a (OCoLC)ocm07324336
|
| 035 |
|
|
|a (OCoLC)07324336
|
| 035 |
|
|
|9 ACW2999AM
|
| 040 |
|
|
|a TXA
|b eng
|c TXA
|d OCL
|d OCLCQ
|d OCLCF
|d OCLCO
|d OCLCQ
|d UMI
|d TXA
|
| 035 |
|
|
|a (OCoLC)7324336
|
| 049 |
|
|
|a TXAM
|
| 099 |
|
|
|a 1980
|a Dissertation
|a H249
|
| 100 |
1 |
|
|a Hansen, John Francis,
|d 1946-
|
| 245 |
1 |
3 |
|a An in vitro and in vivo study of the pathogenesis of Mouse Hepatitis Virus-4 infection /
|
| 264 |
|
1 |
|c 1980.
|
| 300 |
|
|
|a xvi, 168 leaves :
|b illustrations ;
|c 29 cm
|
| 336 |
|
|
|a text
|b txt
|2 rdacontent
|
| 337 |
|
|
|a unmediated
|b n
|2 rdamedia
|
| 338 |
|
|
|a volume
|b nc
|2 rdacarrier
|
| 500 |
|
|
|a Typescript (photocopy).
|
| 502 |
|
|
|b Ph. D.
|c Texas A & M University
|d 1980
|
| 500 |
|
|
|a Vita.
|
| 504 |
|
|
|a Includes bibliographical references (leaves 161-167).
|
| 500 |
|
|
|a "Major subject: Veterinary Pathology."
|
| 520 |
3 |
|
|a The pathogenesis of Mouse Hepatitis Virus-4 (MHV-4) infection was studied in primary confluent murine astrocytic monolayers, murine cerebellar organotypic explants (both during and after the initial period of rapid myelination in vitro), and in the intact weanling mouse. Varying inoculum concentrations of tissue culture adapted virus were used in each of the in vitro studies. Astrocytic monolayers inoculated with a high concentration of virus developed a severe necrotizing cytopathic effect (CPE). A lower concentration of virus resulted in the formation of astrocytic syncytia, cytoplasmic inclusion bodies, and a steady-state infection in which direct cell-to-cell transmission of virus was detected. Immature cerebellar explants inoculated with a high concentration of virus before myelination occurred in vitro developed a necrotizing CPE characterized by necrosis of granule cells and the production of edema. Syncytia and cytoplasmic inclusion bodies also developed within the astrocytic outgrowth. Direct cell-to-cell transmission of virus was detected. Demyelination was located mainly in focal areas of necrosis which were also edematous. Surviving axons were myelinated, or were being myelinated, by 14 days post-inoculation (DPI). Oligodendroglia infrequently had degenerative changed. The low dosage of virus resulted in a milder CPE with the formation of syncytia and inclusion bodies in the astrocytic outgrowth and focal myelin destruction in areas of necrosis. Mature myelinated explants inoculated with a high dosage of virus developed an acute necrotizing CPE which involved all areas of infected explants. The intermediate and low dosages of virus resulted in a CPE which most severely affected the non-neuronal (white matter) areas and was characterized by edema, hydropic degeneration of infected astrocytes, and in explants inoculated with the low viral dosage, primary demyelination and persistent infection in which direct cell-to-cell transmission of virus was detected. Demyelination with the low viral dosage was concluded to be associated with edema which was largely due to the hydropic degeneration of infected astrocytes...
|
| 650 |
|
0 |
|a Hepatitis viruses.
|
| 650 |
|
0 |
|a Pathology, Cellular.
|
| 650 |
|
0 |
|a Demyelination.
|
| 650 |
|
0 |
|a Astrocytes.
|
| 650 |
|
0 |
|a Mice
|x Physiology.
|
| 650 |
|
0 |
|a Nervous system
|x Diseases.
|
| 650 |
|
4 |
|a Major veterinary pathology.
|
| 655 |
|
7 |
|a Academic theses
|2 lcgft
|
| 700 |
1 |
|
|a Storts, Ralph W.,
|e degree supervisor.
|
| 700 |
1 |
|
|a Bay, B. W.,
|e degree committee member.
|
| 700 |
1 |
|
|a McConnell, S.,
|e degree committee member.
|
| 700 |
1 |
|
|a Pierce, Kenneth R.,
|e degree committee member.
|
| 710 |
2 |
|
|a Texas A & M University,
|e degree granting institution.
|
| 856 |
4 |
2 |
|3 ProQuest, Abstract
|u http://gateway.proquest.com/openurl?url_ver=Z39.88-2004&rft_val_fmt=info:ofi/fmt:kev:mtx:dissertation&res_dat=xri:pqm&rft_dat=xri:pqdiss:8101600
|t 0
|
| 856 |
4 |
1 |
|x http://hdl.handle.net/1969.1/DISSERTATIONS-659279
|z Link to OAKTrust copy
|t 0
|
| 856 |
4 |
1 |
|u http://proxy.library.tamu.edu/login?url=http://proquest.umi.com/pqdweb?did=748841881&sid=1&Fmt=2&clientId=2945&RQT=309&VName=PQD
|z Link to OAKTrust copy
|t 0
|
| 994 |
|
|
|a C0
|b TXA
|
| 999 |
f |
f |
|s e953b5e8-615b-3e9a-927c-7c0f0c215cd2
|i e485cb41-aa92-37dd-ad07-7ad434e8b535
|t 0
|
| 952 |
f |
f |
|p noncirc
|a Texas A&M University
|b J.J. Pickle Campus
|c High Density Repository
|s HDR
|d Remote Storage
|t 0
|e 1980 Dissertation H249
|h Other scheme
|i unmediated -- volume
|m A14840987972
|
| 952 |
f |
f |
|a Texas A&M University
|b College Station
|c Electronic Resources
|s www_evans
|d Available Online
|t 0
|e 1980 Dissertation H249
|h Other scheme
|
| 998 |
f |
f |
|a 1980 Dissertation H249
|t 0
|l Remote Storage
|
| 998 |
f |
f |
|a 1980 Dissertation H249
|t 0
|l Available Online
|